Proceedings of the Western Joint Computer Conference : Contrasts in computers. Presented at Los Angeles, Calif., May 6-8, 1958. Sponsored by American Institute of Electrical Engineers, The Association for Computing Machinery, The Institute of Radio Engineers.

Guardado en:
Autores Corporativos: American Institute of Electrical Engineers., Association for Computing Machinery., Institute of Radio Engineers.
Formato: Libro
Idioma:English
Publicado: New York : American Institute of Electrical Engineers, 1959.
Etiquetas: Agregar Etiqueta
Sin Etiquetas, Sea el primero en etiquetar este registro!
LEADER 00770nam a22001575a 4500
001 MAT.inmabb000923
008 031119s1959####nyu###########001#0#eng#d
005 20180612151409.0
245 1 0 |a Proceedings of the Western Joint Computer Conference :  |b Contrasts in computers. Presented at Los Angeles, Calif., May 6-8, 1958. Sponsored by American Institute of Electrical Engineers, The Association for Computing Machinery, The Institute of Radio Engineers. 
260 |a New York :  |b American Institute of Electrical Engineers,  |c 1959. 
300 |a 244 p. ;  |c 29 cm. 
710 2 |a American Institute of Electrical Engineers. 
710 2 |a Association for Computing Machinery. 
710 2 |a Institute of Radio Engineers. 
084 |a 68-XX  |2 msc2000 
859 |h 68  |i P963-1958  |p A-779  |b BIB. MATEMATICA